| 000 | 00774cam a2200169 4500 | ||
|---|---|---|---|
| 001 | WS107510 | ||
| 008 | 000000n 000 0 eng u | ||
| 035 | _a(Sirsi) u107510 | ||
| 245 | 4 | _aThe Pisces Standard | |
| 520 | _aProperty Information System Common Exchange Standard (PISCES) is a common data exchange standard being devised by property software suppliers, surveying firms and IPD. These pages give an outline of progress so far and lists the parties involved. | ||
| 650 | 0 | _aPROPERTY INDUSTRY SYSTEMS COMMON EXCHANGE STANDARD | |
| 650 | _aDATA EXCHANGE | ||
| 650 | _aBUILT ENVIRONMENT | ||
| 690 | _aMANAGEMENT-BUSINESS MANAGEMENT-INFORMATION MANAGEMENT | ||
| 856 | 4 | 0 |
_uhttps://www.pisces.co.uk _zView the website free of charge at www.pisces.co.uk... |
| 942 | _n0 | ||
| 999 |
_c119551 _d119551 |
||